Une lettre suffit pour répondre juste #98 (attention 10 lettres tuent) - Statistiques

Statistiques générales
  • Ce quiz a été pris 59 fois
  • Le résultat moyen est 3 sur 6
Statistiques - réponses
Hint Réponse % Correct
Donne une des 5 lettres du nom de la fille d'Elrond dans le Seigneur des anneaux de J. R. R. Tolkien, interprétée à l'écran par Liv Tyler : _ _ _ _ _
ARWEN
100%
Donne une des 4 lettres qui complète la traduction de la Sainte Bible en anglais : _ _ _ _ Bible HOLY
73%
Donne une des 3 lettres qui ensemble est à la fois: - l'abrégé de la version française du mouvement #MeTo - l'abrégé du secteur économique de la construction BTP
55%
Donne une des 2 lettres qui ensemble : - est un terme honorifique figurant dans le nom posthume d'anciens souverains chinois comme _ _ Xin, _ _ Ding, _ _ Geng et _ _ Jia de la dynastie Shang - veut dire « toi » en basque - est un trio italien de musique expérimentale aux accents free jazz et noise rock ZU
14%
Donne la dernière lettre du nom de 4 lettres de la barre chocolatée fabriquée par Mars en image :
X (twiX)
11%
Donne la lettre qui est à la fois en première et dernière position dans le nom de la commune qui est devenue en l'an 2000 sous-préfecture du département du Val-d'Oise, en remplacement de Montmorency S (SarcelleS)
7%
Aucun quiz correspondant
Distribution des résultats
% des personnes avec chaque résultat
Percentile par nombre de réponses
Votre historique - résultats
Vous n’avez pas pris ce quiz